Detalles MARC
| 000 -LÍDER |
| Campo fijo de descripción fija |
01643cam a2200361 i 4500 |
| 001 - NÚMERO DE CONTROL |
| Campo de control |
768714001 |
| 003 - IDENTIFICADOR DEL NÚMERO DE CONTROL |
| Campo de control |
CO-MdFUSB |
| 005 - FECHA Y HORA DE LA ULTIMA TRANSACCIÓN |
| control field |
20201013100317.0 |
| 008 - ELEMENTOS DE LONGITUD FIJA -- INFORMACIÓN GENERAL |
| Campo fijo de descripción fija -- Información general |
771109s1977 enk 00010 eng |
| 010 ## - NÚMERO DE CONTROL DE LA BIBLIOTECA DEL CONGRESO |
| Número de control LC |
77371128 |
| 011 ## - LINKING LIBRARY OF CONGRESS CONTROL NUMBER [OBSOLETE] |
| LC control number |
a |
| 020 ## - NÚMERO INTERNACIONAL NORMALIZADO PARA LIBROS |
| Número Internacional Normalizado del libro |
0710086504 |
| 040 ## - FUENTE DE CATALOGACIÓN |
| Agencia de catalogación original |
NvU |
| Idioma de catalogación |
eng |
| Agencia que realiza la transcripción |
CO-MdFUSB |
| Agencia que realiza la modificación |
MvI |
| -- |
CO-MdFUSB |
| Convenciones de la descripción |
rda |
| 041 ## - CÓDIGO DE IDIOMA |
| Código de idioma para texto/pista de sonido o título separado |
eng |
| 082 ## - NÚMERO DE CLASIFICACIÓN DECIMAL DEWEY |
| Número de clasificación |
300.03 |
| Número de la edición del Dewey |
23 |
| Clave de autor-Numero de item |
R287 |
| 100 1# - ASIENTO PRINCIPAL--NOMBRE PERSONAL |
| Nombre personal |
Reading, Hugo F. |
| Término relacionador |
autor |
| 245 12 - TÍTULO |
| Título del Material |
A dictionary of the social sciences / |
| Mención de responsabilidad, etc. |
Hugo F. Reading. |
| 264 #1 - PRODUCCIÓN, PUBLICACIÓN, DISTRIBUCIÓN, MANUFACTURA, Y COPYRIGHT |
| Lugar de producción, publicación, distribución, manufactura |
London ; |
| -- |
Boston : |
| Nombre del productor, publicador, distribuidor |
Routledge and Kegan Paul, |
| Fecha de producción, publicación, distribución, manufactura, o copyright |
1977. |
| 264 #4 - PRODUCCIÓN, PUBLICACIÓN, DISTRIBUCIÓN, MANUFACTURA, Y COPYRIGHT |
| Fecha de producción, publicación, distribución, manufactura, o copyright |
1977, ©1976. |
| 300 ## - DESCRIPCIÓN FÍSICA |
| Extensión |
231 páginas ; |
| Dimensiones |
23 cm. |
| 336 ## - TIPO DE CONTENIDO |
| Término de tipo de contenido |
texto |
| Código de tipo de contenido |
txt |
| Fuente |
rdacontent. |
| 337 ## - TIPO DE MEDIO |
| Nombre del tipo de medio |
sin mediación |
| Código del tipo de medio |
n |
| Fuente |
rdamedia. |
| 338 ## - TIPO DE SOPORTE |
| Nombre del tipo de soporte |
volumen |
| Código Tipo de soporte |
nc |
| Fuente |
rdacarrier. |
| 505 ## - NOTA DE CONTENIDO |
| Nota de contenido con formato preestablecido |
El resurgimiento de las regiones en la planificación espacial. -- Gobernanza, instituciones y planificación regional. -- Planificación espacial y desarrollo sostenible. -- Calidad ambiental y recursos naturales: del proteccionismo ambiental hacia un enfoque integrado de sostenibilidad desarrollo. -- Encontrar lugares para nuevas viviendas: el papel de la planificación regional. -- Hacia un renacimiento urbano. -- Desarrollo económico regional, planificación regional y desarrollo sostenible: divergencias y convergencias en el enfoque. -- Mirando hacia el futuro: regiones, estrategias espaciales y desarrollo sostenible.<br/> |
| 563 ## - NOTA DE ENCUADERNACIÓN |
| Nota de encuadernación |
Rústico |
| 650 #0 - ASIENTO SECUNDARIO DE MATERIA - TERMINO TEMÁTICO |
| Término temático o nombre geográfico como elemento de entrada |
Social sciences |
| Subdivisión de forma |
Dictionaries. |
| 653 ## - TÉRMINO DE INDIZACIÓN - NO CONTROLADO |
| Término no controlado |
Ciencias sociales -- Diccionarios |
| 942 ## - TIPO DE MATERIAL (KOHA) |
| Tipo de Item KOHA |
Libros General |
| 945 ## - INFORMACIÓN LOCAL DEL REGISTRO |
| Catalogador |
AEM-53 |